ბათუმის შოთა რუსთაველის სახელმწიფო უნივერსიტეტის ბიბლიოთეკა

ზოგადი პათოფიზიოლოგია პათოლოგიურ ფიზიოლოგიაში სახელმძღვანელოს I ნაწილი. (ბიბ.ჩანაწერი № 36655)

000 -LEADER
fixed length control field 00781nam a2200205Ia 4500
001 - CONTROL NUMBER
control field 2577
003 - CONTROL NUMBER IDENTIFIER
control field GE_BSU
008 - FIXED-LENGTH DATA ELEMENTS--GENERAL INFORMATION
fixed length control field 181216s||||||||xx |||||||||||||| ||und||
020 ## - INTERNATIONAL STANDARD BOOK NUMBER
International Standard Book Number 9992876123
040 ## - CATALOGING SOURCE
Transcribing agency GE_BSU
080 ## - UNIVERSAL DECIMAL CLASSIFICATION NUMBER
Universal Decimal Classification number 616.092(075.8)
100 ## - MAIN ENTRY--PERSONAL NAME
Personal name ყიფიანი, ვახტანგ
245 ## - TITLE STATEMENT
Title ზოგადი პათოფიზიოლოგია პათოლოგიურ ფიზიოლოგიაში სახელმძღვანელოს I ნაწილი.
260 ## - PUBLICATION, DISTRIBUTION, ETC.
Place of publication, distribution, etc. თბილისი
260 ## - PUBLICATION, DISTRIBUTION, ETC.
Date of publication, distribution, etc. 2008
300 ## - PHYSICAL DESCRIPTION
Extent 310 გვ.
653 ## - INDEX TERM--UNCONTROLLED
Uncontrolled term ზოგადი პათოფიზიოლოგია პათოლოგიურ ფიზზიოლოგიაიშ
942 ## - ADDED ENTRY ELEMENTS (KOHA)
Koha item type წიგნი
ეგზემპლარები
Withdrawn status Lost status Damaged status Not for loan Date acquired Barcode Date last seen Price effective from Koha item type
        2018-12-17 1334 2018-12-17 2018-12-17 წიგნი